Cigaretka na dva ťahy

Pestovanie marihuany - botanický koníček. Marihuana a jej účinky na ľudský organizmus. Legislatíva o prechovávaní drog v Európe a na Slovensku. Pohľad sudcu na niektoré prípady prechovávania marihuany u nás.

Guardado en:
Detalles Bibliográficos
Autor principal: Lesná, Ľuba
Otros Autores: Rundesová, Táňa, Skladanová, Lucia
Formato: Capítulo de libro
Lenguaje:eslovaco
Materias:
Etiquetas: Agregar Etiqueta
Sin Etiquetas, Sea el primero en etiquetar este registro!

MARC

LEADER 00000naa a2200000 4500
001 r048832
005 20230908082810.2
041 0 |a slo 
044 |a SK 
245 1 0 |a Cigaretka na dva ťahy  |c Ľuba Lesná, Táňa Rundesová, Lucia Skladanová 
520 |a Pestovanie marihuany - botanický koníček. Marihuana a jej účinky na ľudský organizmus. Legislatíva o prechovávaní drog v Európe a na Slovensku. Pohľad sudcu na niektoré prípady prechovávania marihuany u nás. 
610 2 0 |a drogy 
610 2 0 |a mládež 
610 2 0 |a deti 
610 2 0 |a legislatíva 
610 2 0 |a právo trestné 
610 2 0 |a Európa 
610 2 0 |a Slovensko 
100 1 |a Lesná, Ľuba 
700 1 |a Rundesová, Táňa 
700 1 |a Skladanová, Lucia